Gaelic Words You Probably Know Quiz Stats

 Plays Quiz not verified by Sporcle

Score 0/20 Timer 03:00
0 Plays Today
% Correct
Pet
87.9%
Whisky
86.9%
Clan
86.3%
Strontium
86.3%
Trousers
85.8%
Slogan
84.7%
Bard
84.6%
Plaid
84.6%
Smidgen
84.5%
Galore
84.2%
% Correct
Smashing
82.9%
Bog
82.7%
Hubbub
79.6%
Shanty
79.5%
Shindig
78.8%
Spunk
78.7%
Crag
77.5%
Glen
76.3%
Pillion
75.9%
Cairn
68%

You're not logged in!

Compare scores with friends on all Sporcle quizzes.
OR
Log In

Show Comments

Extras

Top Quizzes Today


Score Distribution

Your Account Isn't Verified!

In order to create a playlist on Sporcle, you need to verify the email address you used during registration. Go to your Sporcle Settings to finish the process.

Report this User

Report this user for behavior that violates our Community Guidelines.

Details: